000
00320nam a22001217a 4500
008
240730b |||||||| |||| 00| 0 eng d
020
_a
9789332568839
100
_a
Bhargava, rajeev
245
_a
An introduction to Political Theory
260
_a
India
_b
First Impression
_c
2016
300
_a
xiv, 257p.
_c
17cm
942
_2
ddc
999
_c
9924
_d
9925